[Event "AUT-ch Vor4 Internet"]
[Site "Playchess.com INT"]
[Date "2020.04.25"]
[Round "3"]
[White "Janes, Christian"]
[Black "Lager, Johannes Jr"]
[Result "0-1"]
[WhiteElo "1740"]
[BlackElo "1722"]
[PlyCount "100"]
[EventDate "2020.04.25"]
[EventType "swiss (blitz)"]
[EventRounds "9"]
[EventCountry "AUT"]
[SourceTitle "EXT 2021"]
[Source "ChessBase"]
[SourceDate "2020.10.23"]
[SourceVersion "1"]
[SourceVersionDate "2020.10.23"]
[SourceQuality "1"]

1. e4 c5 2. Nf3 d6 3. c3 Nf6 4. Bb5+ Nbd7 5. Bxd7+ Bxd7 6. d3 a6 7. 0-0 b5 8. Bg5 e6 9. e5 dxe5 10. Nxe5 Be7 11. d4 h6 12. Bh4 c4 13. Nd2 0-0 14. Ndf3 Nd5 15. Bxe7 Qxe7 16. Re1 Rfc8 17. a3 Bc6 18. Nxc6 Rxc6 19. Ne5 Rc7 20. Qf3 Raa7 21. h3 a5 22. a4 b4 23. Qe2 Nb6 24. Qg4 b3 25. Qg3 Nd5 26. Ng4 Kh7 27. Re5 Nf6 28. Rae1 Nxg4 29. Qxg4 Rd7 30. Qe4+ Kg8 31. d5 Ra6 32. Rd1 Rad6 33. Qxc4 Qf6 34. Rde1 exd5 35. Re8+ Kh7 36. Qxb3 d4 37. Qc2+ g6 38. cxd4 Rxd4 39. Qc8 Rd1 40. Qc3 Qxc3 41. bxc3 R1d2 42. f3 Rc2 43. R1e3 Rdd2 44. R8e7 Rxg2+ 45. Kf1 Rgf2+ 46. Kg1 Rg2+ 47. Kf1 Rgf2+ 48. Ke1 Kg7 49. Rd7 Rh2 50. Kd1 Ra2 0-1

[Event "AUT-ch Vor2 Internet"]
[Site "Playchess.com INT"]
[Date "2020.04.13"]
[Round "1"]
[White "Schneider Zinner, Harald"]
[Black "Lager, Johannes Jr"]
[Result "1-0"]
[WhiteElo "2381"]
[BlackElo "1722"]
[PlyCount "91"]
[EventDate "2020.04.13"]
[EventType "swiss (blitz)"]
[EventRounds "9"]
[EventCountry "AUT"]
[SourceTitle "CBM 195 Extra"]
[Source "ChessBase"]
[SourceDate "2020.05.31"]
[SourceVersion "1"]
[SourceVersionDate "2020.05.31"]
[SourceQuality "1"]

1. d4 Nf6 2. Nf3 g6 3. Bg5 Bg7 4. Nbd2 0-0 5. c3 d6 6. e4 Re8 7. Bd3 Bg4 8. 0-0 e5 9. Qb3 Qc8 10. Bc4 Be6 11. Bxe6 Qxe6 12. Qxb7 Nbd7 13. Qxc7 exd4 14. Nxd4 Qe5 15. Bxf6 Nxf6 16. Nc4 Qc5 17. Qxc5 dxc5 18. Nb3 Nxe4 19. f3 Ng5 20. Rfe1 Ne6 21. Rad1 Rad8 22. g3 Bf8 23. Kf2 Nc7 24. Rxe8 Rxd1 25. Rc8 Ne6 26. Ra8 Rh1 27. Kg2 Re1 28. Kf2 Rh1 29. h4 Ng7 30. Nxc5 Rh2+ 31. Kg1 Re2 32. Nd7 Ne6 33. Nxf8 Nxf8 34. Rxa7 Kg7 35. Nd6 Ne6 36. Rxf7+ Kh6 37. Ne4 Rxb2 38. a4 Rb1+ 39. Kf2 Rb2+ 40. Ke3 Rb1 41. Nf6 Re1+ 42. Kf2 Nf8 43. Kxe1 g5 44. hxg5+ Kxg5 45. Nxh7+ Nxh7 46. Rxh7 1-0